Statistics for CRJ airplanes

Click here to take the quiz!

General Stats

  • This quiz has been taken 34 times
  • The average score is 5 of 7

Answer Stats

statusAircraft% Correct
currentCRJ-200
100%
currentCRJ-700
93%
currentCRJ-900
93%
currentCRJ-100
90%
currentCRJ-1000
86%
currentCRJ-550
34%
currentCRJ-705
7%

Score Distribution

Percentile by Number Answered

Percent of People with Each Score

Your Score History

You have not taken this quiz